The wheel on the school / (Record no. 6262)

MARC details
000 -LEADER
fixed length control field 00951nam a22003017a 4500
001 - CONTROL NUMBER
control field 6262
003 - CONTROL NUMBER IDENTIFIER
control field FISKH
005 - DATE AND TIME OF LATEST TRANSACTION
control field 20250407140148.0
008 - FIXED-LENGTH DATA ELEMENTS--GENERAL INFORMATION
fixed length control field 250407b cb ||||| |||| 00| 0 eng d
020 ## - INTERNATIONAL STANDARD BOOK NUMBER
International Standard Book Number 9780064400213
040 ## - CATALOGING SOURCE
Original cataloging agency FISKH
Language of cataloging eng
Transcribing agency FISKH
Modifying agency FISKH
050 ## - LIBRARY OF CONGRESS CALL NUMBER
Classification number PZ7.D3675 W
082 ## - DEWEY DECIMAL CLASSIFICATION NUMBER
Classification number 813.52
100 ## - MAIN ENTRY--PERSONAL NAME
Personal name DeJong, Meindert
Dates associated with a name (1906–1991)
245 ## - TITLE STATEMENT
Title The wheel on the school /
Statement of responsibility, etc. By Meindert DeJong ; Pictures by Maurice Sendak
250 ## - EDITION STATEMENT
Edition statement This edition first published in 1954
260 ## - PUBLICATION, DISTRIBUTION, ETC.
Place of publication, distribution, etc. New York :
Name of publisher, distributor, etc. HarperTrophy,
Date of publication, distribution, etc. 1954
300 ## - PHYSICAL DESCRIPTION
Extent 298 pages :
Other physical details illustrations ;
Dimensions 20 cm
505 ## - FORMATTED CONTENTS NOTE
Formatted contents note R<br/>
520 ## - SUMMARY, ETC.
Summary, etc. The people in a little town in Holland try to bring storks to nest in their village.<br/>
521 8# - TARGET AUDIENCE NOTE
Target audience note 710<br/>
Source Lexile<br/>
521 8# - TARGET AUDIENCE NOTE
Target audience note R<br/>
Source Raz-Plus<br/>
650 ## - SUBJECT ADDED ENTRY--TOPICAL TERM
Source of heading or term Netherlands
Topical term or geographic name entry element Children
650 ## - SUBJECT ADDED ENTRY--TOPICAL TERM
Source of heading or term Children's literature
Topical term or geographic name entry element Holland
700 ## - ADDED ENTRY--PERSONAL NAME
Personal name Sendak, Maurice
Dates associated with a name illustrator
942 ## - ADDED ENTRY ELEMENTS (KOHA)
Source of classification or shelving scheme Dewey Decimal Classification
Koha item type Books
Suppress in OPAC No
Holdings
Withdrawn status Lost status Source of classification or shelving scheme Damaged status Not for loan Collection Home library Current library Shelving location Date acquired Total Checkouts Full call number Barcode Date last seen Copy number Price effective from Koha item type
    Dewey Decimal Classification     Juvenile Fiction Footprints International School Library Network Toul Tom Poung Campus Footprints International School Library Network Toul Tom Poung Campus TTP Primary Orange Bookshelves 04/07/2025   DEJ 813.52 PZ7.D3675 W 2025-0995 04/07/2025 1 04/07/2025 Books